000 00670nam a2200253Ia 4500
003 OSt
005 20220918163424.0
006 a|||||r|||| 00| 0
007 ta
008 220917b |||||||| |||| 00| 0 eng d
020 _a0 7153 7392 7
024 _a28,719
037 _cTextual
040 _aARTS
_cARTS
_beng
041 _2eng
_aeng
082 _aO111,3v, L7
100 _aSkilton David
_913053
245 0 _aEnglish novel
_b Defoe to the victorians
260 _aLondon
_bDavid And Charles
_c1977
300 _a200p.
_ccm.
650 _aENGLISH LITERATURE
942 _hO111,3v, L7
_cTEXL
_2CC
999 _c119507
_d119507